| 000 | 00608nam a2200181Ia 4500 | ||
|---|---|---|---|
| 005 | 20250508151226.0 | ||
| 008 | 008 250505s9999 xx 000 0 eng d | ||
| 037 | _aBooks to be hide in OPAC | ||
| 040 |
_aFEDL _beng _cFEDL |
||
| 041 |
_aeng _2eng |
||
| 084 |
_a371.40954, IND _qFEDL |
||
| 245 | 0 | _aReport of the second wardha education committee of the central advisory board of education, 1939. together with the decisions of the board thereon | |
| 245 | 0 | _cIndia. Bureau of Education | |
| 260 | _c1947 | ||
| 300 | _a39p. | ||
| 942 |
_cHB _h371.40954, IND |
||
| 999 |
_c1328342 _d1328342 |
||